000 00310nam a2200121 a 4500
005 20140412111327.0
008 110121s19uu xx 00 eng d
050 _aER
_bVe48po 1997
100 _aZoehfeld, Kathleen
245 _aPooh plays doctor.
260 _aNew York :
_bScholastic,
_c1997.
999 _c104685
_d104685